Netradičné známky v Európskej únii

Pokračovanie článku z predchádzajúceho čísla. Tvar tovaru alebo obalu, ktorý môže plniť funkciu ochrannej známky. Trojrozmerné označenia a definície ochrannej známky podľa čl. 2 smernice Európskeho parlamentu a Rady 2008/95/ES o aproximácii právnych predpisov v oblasti ochranných známok.

Salvato in:
Dettagli Bibliografici
Autore principale: Brázdil, Jozef
Natura: Capitolo di libro
Lingua:slovacco
Soggetti:
Tags: Aggiungi Tag
Nessun Tag, puoi essere il primo ad aggiungerne!!

MARC

LEADER 00000naa a2200000 4500
001 0150404
005 20220729105945.7
041 0 |a slo 
044 |a SK 
245 1 0 |a Netradičné známky v Európskej únii  |c Jozef Brázdil 
520 |a Pokračovanie článku z predchádzajúceho čísla. Tvar tovaru alebo obalu, ktorý môže plniť funkciu ochrannej známky. Trojrozmerné označenia a definície ochrannej známky podľa čl. 2 smernice Európskeho parlamentu a Rady 2008/95/ES o aproximácii právnych predpisov v oblasti ochranných známok. 
610 2 0 |a známky ochranné 
610 2 0 |a právo značkové 
610 2 0 |a vzory priemyselné 
610 2 0 |a značky výrobné 
610 2 0 |a ochrana práv priemyselných 
100 1 |a Brázdil, Jozef